A TEXTBOOK OF NOVEL DRUG DELIVERY SYSTEMS (Record no. 22949)

MARC details
000 -LEADER
fixed length control field 00407nam a22001697a 4500
003 - CONTROL NUMBER IDENTIFIER
control field SGT
020 ## - INTERNATIONAL STANDARD BOOK NUMBER
International Standard Book Number 9789390225019
082 ## - DEWEY DECIMAL CLASSIFICATION NUMBER
Classification number 615.1
Item number N21B
100 ## - MAIN ENTRY--PERSONAL NAME
Personal name BEYATRICKS, K. JESINDHA
245 ## - TITLE STATEMENT
Title A TEXTBOOK OF NOVEL DRUG DELIVERY SYSTEMS
250 ## - EDITION STATEMENT
Edition statement 3rd
260 ## - PUBLICATION, DISTRIBUTION, ETC. (IMPRINT)
Place of publication, distribution, etc PANJAB
Name of publisher, distributor, etc P.V (S. VIKASH)
Year of Publication 2021
300 ## - PAGE DESCRIPTION
No. of Pages R-2
650 ## - SUBJECT ADDED ENTRY--TOPICAL TERM
Topical term or geographic name as entry element DRUG DELIVERY SYSTEMS
653 ## - KEYWORDS--INDEX TERM
Keyword term NOVEL DRUG
942 ## - ADDED ENTRY ELEMENTS (KOHA)
Source of classification or shelving scheme Dewey Decimal Classification
Koha item type Books
942 ## - ADDED ENTRY ELEMENTS (KOHA)
-- 67
Holdings
Withdrawn status Lost status Source of classification or shelving scheme Damaged status Not for loan Collection code Home library Current library Shelving location Date acquired Vendor Name Cost, normal purchase price SGTU Bill Number Total Checkouts Full call number Accession No. (Barcode) Date last seen Date last borrowed Bill Date Koha item type
    Dewey Decimal Classification     PHARMACY SGT FA-FP Library SGT FA-FP Library Text Book 27/06/2022 AHUJA PUBLICATION 170.00 SGTU 14474 6 615.1 N21B FP4343 21/10/2024 07/10/2024 19/05/2022 Books
    Dewey Decimal Classification     PHARMACY SGT FA-FP Library SGT FA-FP Library Text Book 27/06/2022 AHUJA PUBLICATION 170.00 SGTU 14474 5 615.1 N21B FP4344 11/11/2024 04/11/2024 19/05/2022 Books
    Dewey Decimal Classification     PHARMACY SGT FA-FP Library SGT FA-FP Library Text Book 27/06/2022 AHUJA PUBLICATION 170.00 SGTU 14474 4 615.1 N21B FP4345 31/10/2025 31/10/2025 19/05/2022 Books
    Dewey Decimal Classification     PHARMACY SGT FA-FP Library SGT FA-FP Library Text Book 27/06/2022 AHUJA PUBLICATION 170.00 SGTU 14474 6 615.1 N21B FP4346 10/10/2025 30/09/2025 19/05/2022 Books
    Dewey Decimal Classification     PHARMACY SGT FA-FP Library SGT FA-FP Library Text Book 27/06/2022 AHUJA PUBLICATION 170.00 SGTU 14474 5 615.1 N21B FP4347 15/10/2024 28/09/2024 19/05/2022 Books
    Dewey Decimal Classification     PHARMACY SGT FA-FP Library SGT FA-FP Library Text Book 27/06/2022 AHUJA PUBLICATION 170.00 SGTU 14474 9 615.1 N21B FP4348 04/12/2023 24/11/2023 19/05/2022 Books
    Dewey Decimal Classification     PHARMACY SGT FA-FP Library SGT FA-FP Library Text Book 27/06/2022 AHUJA PUBLICATION 170.00 SGTU 14474 12 615.1 N21B FP4349 11/11/2024 04/11/2024 19/05/2022 Books
    Dewey Decimal Classification     PHARMACY SGT FA-FP Library SGT FA-FP Library Text Book 27/06/2022 AHUJA PUBLICATION 170.00 SGTU 14474 7 615.1 N21B FP4350 15/10/2024 28/09/2024 19/05/2022 Books
    Dewey Decimal Classification     PHARMACY SGT FA-FP Library SGT FA-FP Library Text Book 27/06/2022 AHUJA PUBLICATION 170.00 SGTU 14474 8 615.1 N21B FP4351 02/08/2023 26/07/2023 19/05/2022 Books
    Dewey Decimal Classification     PHARMACY SGT FA-FP Library SGT FA-FP Library Text Book 27/06/2022 AHUJA PUBLICATION 170.00 SGTU 14474 7 615.1 N21B FP4352 03/01/2023 24/12/2022 19/05/2022 Books